000 00598aam a2200229 4500
005 20251120163825.0
008 150805b1994 xxu||||| |||| 00| 0 spa d
020 _a9500615169
041 _aESP
082 _a617.643 N176c
100 _aNanda, Ravindra
_917796
100 _aBurstone, Charles
_918144
245 _aContención y estabilidad en ortodoncia
260 _aMéxico
260 _bEditorial Médica Panamericana
260 _c1994
300 _a191 páginas
300 _bIlustraciones a blanco y negro
490 _aMecánica Dental
650 _aORTODONCIA
942 _cBK
_2ddc
999 _c515
_d515